000 00898nam a22002657a 4500
005 20141107155350.0
008 141107s2010 ec a gr 00010 spa d
020 _a9789978229569
022 _a13901222
041 _aspa
044 _aec
082 0 4 _a577.38
_bP27
245 0 0 _aLos GTP en la Región Andina /
_c transcripción por Nadya Ochoa, Editado Patricio Mena Vásconez, Nadia Ochoa y Saskia Flores
260 3 _aQuito :
_bEdiciones Abya-Yala,
_c2010
300 _a104 p. :
_c21 cm.
490 _aPáramo
_v27
504 _aIncluye bibliografías.
650 6 _aPáramos
_zEcuador
_928439
650 6 _aRedes científicas
_zEcuador
_xInvestigación
_928440
700 1 _aMena-Vásconez, Patricio,
_eed.
_93165
700 1 _aOchoa, Nadya
_ded.
_928441
700 1 _aFlores, Saskia
_ded.
_928442
710 2 _aGrupo de Trabajo en Páramos del Ecuador (GTP)
_99447
942 _2ddc
_cLIBRO
999 _c8765
_d8765